Release the river!/ (Record no. 142829)

MARC details
000 -LEADER
fixed length control field 00585nam a22001937a 4500
005 - DATE AND TIME OF LATEST TRANSACTION
control field 20170725162244.0
010 ## - LCCN (DPL NO)
LC control number ENG-119385
020 ## - INTERNATIONAL STANDARD BOOK NUMBER
International Standard Book Number 9788184654790
Terms of availability 550.00
035 ## - SYSTEM CONTROL NUMBER
System control number EN-102917
037 ## - SOURCE OF ACQUISITION
Source of stock number/acquisition DBAD/PUB
082 ## - DEWEY DECIMAL CLASSIFICATION NUMBER
Classification number 241.69109944
100 ## - MAIN ENTRY--PERSONAL NAME
Personal name Reichardt,David
245 ## - TITLE STATEMENT
Title Release the river!/
Statement of responsibility, etc by David Reichatrdt
260 ## - PUBLICATION, DISTRIBUTION, ETC. (IMPRINT)
Place of publication, distribution, etc Delhi
Name of publisher, distributor, etc ISPCK
Date of publication, distribution, etc 2016
270 ## - ADDRESS
Address 1654,Madarsa Road,Kashmere Gate
City Delhi
Postal code 110006
300 ## - PHYSICAL DESCRIPTION
Extent xvi,366p. :
Dimensions 25cm(pbk)
Other physical details ill (maps)
500 ## - GENERAL NOTE
General note Includes bibliographical references
942 ## - ADDED ENTRY ELEMENTS (KOHA)
Source of classification or shelving scheme Dewey Decimal Classification
Item type English Books
Classification part 241.69109944
Call number suffix REI
Holdings
Withdrawn status Lost status Not for loan Collection code Home library Current library Date acquired Source of acquisition Cost, normal purchase price Full call number Barcode Copy number Cost, replacement price Koha item type
      Non-fiction Bawana Bawana 25/07/2017 DBAD/PUB 550.00 241.69109944 REI EN-102917 1 550.00 English Books

© Delhi Public Library
Hit Counter
free hit counter